Statistics for Judy Holliday Filmography

Click here to take the quiz!

General Stats

  • This quiz has been taken 3 times
  • The average score is 7 of 33

Answer Stats

TypeYearName% Correct
Theater1956-1959Bells Are Ringing
100%
Film1960Bells Are Ringing
100%
Film1956The Solid Gold Cadillac
100%
Film1949Adam's Rib
67%
Film1954It Should Happen to You
67%
Film1952The Marrying Kind
67%
Film1950Born Yesterday
67%
Film1954Phffft
67%
Theater1946Born Yesterday
67%
TV Show1953-1963What's My Line?
33%
TV Show1957The Ed Sullivan Show
0%
TV Show1954Max Liebman Spectaculars
0%
TV Show1956, 1958The Steve Allen Plymouth Show
0%
TV Show1956The Milton Berle Show
0%
Film1956Full of Life
0%
Radio Series1957Recollections at 30
0%
TV Show1958-1961Perry Como's Kraft Music Hall
0%
TV Show1954-1958The Arthur Murray Party
0%
Theater1960Laurette
0%
Film1938Too Much Johnson
0%
TV Show1954Goodyear Playhouse
0%
Theater1942My Dear Public
0%
Theater1951Dream Girl
0%
Radio Series1951Hear It Now
0%
Radio Series1951The Big Show
0%
TV Show1949The Ford Theatre Hour
0%
Film1949On the Town
0%
Radio Series1948Ford Theater
0%
Theater1945Kiss Them for Me
0%
Film1944Winged Victory
0%
Film1944Something for the Boys
0%
Film1944Greenwich Village
0%
Theater1963Hot Spot
0%

Score Distribution

Percentile by Number Answered

Percent of People with Each Score

Your Score History

You have not taken this quiz